[Event "Chrudim op"]
[Site "Chrudim"]
[Date "2002.07.15"]
[Round "8"]
[White "Holst, Conny"]
[Black "Orzechowski, Grzegorz"]
[Result "0-1"]
[WhiteElo "2191"]
[BlackElo "1950"]
[PlyCount "70"]
[EventDate "2002.07.??"]
[EventType "swiss"]
[EventRounds "9"]
[EventCountry "CZE"]
[SourceTitle "EXT 2006"]
[Source "ChessBase"]
[SourceDate "2005.11.24"]
[SourceVersion "1"]
[SourceVersionDate "2005.11.24"]
[SourceQuality "1"]

1. d4 d5 2. c4 e6 3. Nc3 Nf6 4. Bg5 c6 5. Nf3 Nbd7 6. e3 Be7 7. Qc2 0-0 8. Bd3 h6 9. Bf4 dxc4 10. Bxc4 c5 11. Rd1 cxd4 12. exd4 Nb6 13. Bb3 Nbd5 14. Be5 Bd7 15. 0-0 Rc8 16. Qd3 Bc6 17. Rfe1 Qb6 18. Nd2 Rfd8 19. a3 Bf8 20. Bc2 g6 21. h4 Bg7 22. h5 Nxh5 23. Bxg7 Kxg7 24. g3 Ne7 25. Nc4 Qa6 26. d5 Bxd5 27. Nxd5 Rxd5 28. Qc3+ Nf6 29. Bb3 b5 30. Qa5 Qxa5 31. Nxa5 Rxd1 32. Rxd1 Ned5 33. Kg2 Rc7 34. Kf3 h5 35. Ke2 Kf8 0-1

[Event "Chrudim op"]
[Site "Chrudim"]
[Date "2002.07.12"]
[Round "5"]
[White "Orzechowski, Grzegorz"]
[Black "Stehno, Pavel"]
[Result "0-1"]
[WhiteElo "1950"]
[BlackElo "2253"]
[PlyCount "46"]
[EventDate "2002.07.??"]
[EventType "swiss"]
[EventRounds "9"]
[EventCountry "CZE"]
[SourceTitle "EXT 2006"]
[Source "ChessBase"]
[SourceDate "2005.11.24"]
[SourceVersion "1"]
[SourceVersionDate "2005.11.24"]
[SourceQuality "1"]

1. Nf3 g6 2. g3 Bg7 3. Bg2 Nf6 4. 0-0 0-0 5. d4 d5 6. b3 Nbd7 7. Bb2 Re8 8. c4 c6 9. Nc3 e5 10. e4 exd4 11. Nxd4 Nc5 12. f3 a5 13. Qd2 Qb6 14. Nce2 a4 15. b4 a3 16. Bc1 Ne6 17. Rb1 Nxe4 18. fxe4 Nxd4 19. Kh1 Be6 20. Qd3 Nxe2 21. Qxe2 Qd4 22. Be3 Qxc4 23. Qd2 Qxa2 0-1

[Event "Chrudim op"]
[Site "Chrudim"]
[Date "2002.07.10"]
[Round "3"]
[White "Orzechowski, Grzegorz"]
[Black "Kozak, Milos"]
[Result "1/2-1/2"]
[WhiteElo "1950"]
[BlackElo "2215"]
[PlyCount "44"]
[EventDate "2002.07.??"]
[EventType "swiss"]
[EventRounds "9"]
[EventCountry "CZE"]
[SourceTitle "EXT 2006"]
[Source "ChessBase"]
[SourceDate "2005.11.24"]
[SourceVersion "1"]
[SourceVersionDate "2005.11.24"]
[SourceQuality "1"]

1. d4 d5 2. c4 c6 3. cxd5 cxd5 4. Nf3 Nf6 5. Nc3 Nc6 6. Bf4 Bf5 7. e3 e6 8. Bb5 Nd7 9. Qa4 Qb6 10. 0-0 Be7 11. Rfc1 0-0 12. a3 Rfc8 13. Qd1 a6 14. Be2 Qd8 15. b4 b5 16. Nd2 Nb6 17. Bg3 Bg6 18. Nb3 Nc4 19. Nc5 Qb6 20. Nd7 Qa7 21. Nc5 Rd8 22. Qb3 Nd2 1/2-1/2

[Event "Chrudim op"]
[Site "Chrudim"]
[Date "2002.07.09"]
[Round "2"]
[White "Pokorny, Jan"]
[Black "Orzechowski, Grzegorz"]
[Result "0-1"]
[WhiteElo "1711"]
[BlackElo "1950"]
[PlyCount "94"]
[EventDate "2002.07.??"]
[EventType "swiss"]
[EventRounds "9"]
[EventCountry "CZE"]
[SourceTitle "EXT 2006"]
[Source "ChessBase"]
[SourceDate "2005.11.24"]
[SourceVersion "1"]
[SourceVersionDate "2005.11.24"]
[SourceQuality "1"]

1. e4 e5 2. Nf3 Nc6 3. Bb5 d6 4. c3 g6 5. 0-0 Bg7 6. Re1 Nge7 7. h3 0-0 8. d4 a6 9. Ba4 b5 10. Bb3 h6 11. Be3 Na5 12. Bc2 Nc4 13. b3 Nxe3 14. Rxe3 exd4 15. cxd4 c5 16. Nc3 Nc6 17. Ne2 Qb6 18. dxc5 dxc5 19. Rc1 Be6 20. Nf4 Rad8 21. Qe2 Nd4 22. Nxd4 Rxd4 23. Rd3 Rfd8 24. Rcd1 Qd6 25. Qf3 Bc8 26. Rxd4 Bxd4 27. b4 c4 28. Ne2 Qe5 29. Nxd4 Rxd4 30. Rxd4 Qxd4 31. Qd1 Qxd1+ 32. Bxd1 f5 33. Bc2 f4 34. Kf1 Kf7 35. Ke1 Ke6 36. Kd2 Ke5 37. Kc3 g5 38. f3 h5 39. Bd1 g4 40. hxg4 hxg4 41. fxg4 Bb7 42. Be2 Bxe4 43. Bf1 Bd5 44. g5 Kf5 45. Kd4 Bb7 46. Kc5 Kxg5 47. Kb6 Be4 0-1